000 00550cam a2200205ua 4500
003 OSt
008 250228b |||||||| |||| 00| 0 eng d
020 _a81 204 0710 5
041 _aeng
082 _a660.6
_bMAL/IN
100 _aMalik, Vedpals .
_97269
245 _aIndustrial bio-technology /
260 _aNew Delhi :
_bOxford & IBH Publishing company ,
_c1992.
300 _a621p.
500 _a** Reference
700 1 _aSridhar padma, ed. .
_97270
700 1 _aSharma, MC; ed.
_97271
700 1 _aPolasa, H;ed.
_97272
942 _cBK
999 _c4778
_d4778